Statystyki dla Państwa na literę ,,G"

Kliknij tutaj aby rozwiązać quiz!

Ogólne statystyki

  • Ten quiz został rozwiązany 70 razy
  • Średni wynik to 8 z 11

Statystyki odpowiedzi

Kraj% Poprawnych
Grecja
100%
Gruzja
91%
Gwatemala
79%
Gwinea
77%
Gujana
68%
Gwinea Równikowa
68%
Gabon
67%
Gwinea Bissau
65%
Gambia
59%
Ghana
58%
Grenada
48%

Rozkład punktacji

Percentyl według liczby udzielonych odpowiedzi

Procent ludzi z każdym wynikiem

Twoja historia wyników

Nie rozwiązałeś tego quizu